ბათუმის შოთა რუსთაველის სახელმწიფო უნივერსიტეტის ბიბლიოთეკა

Tamangur: (ბიბ.ჩანაწერი № 62204)

000 -LEADER
fixed length control field 00531nam a22001937a 4500
005 - DATE AND TIME OF LATEST TRANSACTION
control field 20240801145951.0
008 - FIXED-LENGTH DATA ELEMENTS--GENERAL INFORMATION
fixed length control field 240801s2023 ge ||||| |||| 00| 0 ger d
020 ## - INTERNATIONAL STANDARD BOOK NUMBER
International Standard Book Number 9783858699565 X
041 ## - LANGUAGE CODE
Language code of text/sound track or separate title ger
080 ## - UNIVERSAL DECIMAL CLASSIFICATION NUMBER
Universal Decimal Classification number 821.122.31 S-46
100 ## - MAIN ENTRY--PERSONAL NAME
Personal name Semadeni, Leta
Dates associated with a name Author
9 (RLIN) 23035
245 ## - TITLE STATEMENT
Title Tamangur:
Remainder of title Roman /
Statement of responsibility, etc. Leta Semadeni
264 ## - PRODUCTION, PUBLICATION, DISTRIBUTION, MANUFACTURE, AND COPYRIGHT NOTICE
Place of production, publication, distribution, manufacture Zürich :
Name of producer, publisher, distributor, manufacturer Rotpunktverlag,
Date of production, publication, distribution, manufacture, or copyright notice 2023.
300 ## - PHYSICAL DESCRIPTION
Extent 157 p.:
Other physical details 21 cm.
653 ## - INDEX TERM--UNCONTROLLED
keyword Tamangur
653 ## - INDEX TERM--UNCONTROLLED
keyword თამანგურ
653 ## - INDEX TERM--UNCONTROLLED
keyword რომანი
942 ## - ADDED ENTRY ELEMENTS (KOHA)
Source of classification or shelving scheme
Koha item type წიგნი
ეგზემპლარები
Withdrawn status Lost status Source of classification or shelving scheme Damaged status Not for loan Permanent Location Current Location Shelving location Date acquired Cost, normal purchase price Full call number Barcode Date last seen Copy number Uniform Resource Identifier Price effective from Koha item type Public note
          ბათუმის შოთა რუსთაველის სახელმწიფო უნივერსიტეტის მთავარი ბიბლიოთეკა ბათუმის შოთა რუსთაველის სახელმწიფო უნივერსიტეტის მთავარი ბიბლიოთეკა წიგნსაცავი 2024-08-01 5.00 821.122.31 S-46 66093 2024-08-01 66093 ნაჩუქარი 2024-08-01 წიგნი 5.00